| 000 | 004600000a22001930004500 | ||
|---|---|---|---|
| 001 | 003671 | ||
| 003 | MACL | ||
| 005 | 20150828110725.0 | ||
| 008 | 150828b xxu||||| |||| 00| 0 eng d | ||
| 040 |
_aMACL _cMACL |
||
| 041 | _aEnglish | ||
| 082 | _a709/ANA | ||
| 100 |
_aMulk, Raj Anand _97752 |
||
| 245 |
_aHindu View Of Art _cRaj Anand Mulk |
||
| 260 |
_aNoida _c1987 _bArnold H̜einemann, |
||
| 350 | _a250 | ||
| 650 |
_aArt _97753 |
||
| 942 |
_k709 _cBK _2ddc |
||
| 999 |
_c15568 _d15568 |
||